| 000 | 03915cam a2200577 i 4500 | ||
|---|---|---|---|
| 003 | SA-RiAUC | ||
| 005 | 20240920170854.0 | ||
| 008 | 240920m19251933ua g 000r0 ara c | ||
| 040 |
_aSA-MaHRM _bara _cSA-RiAUC _erda |
||
| 082 | 0 | 4 |
_a258.3 _qSA-RiAUC |
| 090 |
_a258.3 _bن و و |
||
| 100 | 1 |
_aالنووي، يحيى بن شرف بن مري، _d631-676 هجري _eمؤلف. |
|
| 245 | 1 | 2 |
_aالمجموع : _bشرح المهذب / _cأبو زكريا محيي الدين يحيى بن شرف النووي ؛ باشر تصحيحها لجنة من العلماء. ويليه فتح العزيز : شرح الوجيز / أبو القاسم عبد الكريم بن محمد الرافعي. ويليه التلخيص الحبير في تخريج أحاديث الرافعي الكبير / أبو الفضل أحمد بن علي بن حجر العسقلاني. |
| 246 | 3 | 0 | _aشرح المهذب |
| 264 | 1 |
_aالقاهرة : _bإدارة الطباعة المنيرية، _c[1925-1933] |
|
| 264 | 3 |
_a[مكان الطبع غير محدد] : _bالمطبعة العربية : _bمطبعة التضامن الأخوي |
|
| 300 |
_a8 مجلد ؛ _c28 سم |
||
| 336 |
_aنص _btxt _2rdacontent _3كتاب |
||
| 337 |
_aبدون وسيط _bn _2rdamedia |
||
| 338 |
_aمجلد _bnc _2rdacarrier |
||
| 500 | _aجعلنا المجموعة في أعلى الصحيفة ويليه فتح العزيز ويليه التلخيص مفصولا بينها بجدول. | ||
| 500 | _aالمكتبة يتوافر بها : مجلد 1، 3، 6، 7، 9، 10، 11، 12. | ||
| 500 | _aيوجد عليها شروح. | ||
| 650 | 7 |
_aالفقه الشافعي _2aucsh |
|
| 700 | 1 | 2 |
_aالشيرازي، إبراهيم بن علي بن يوسف، _d393-476 هجري |
| 700 | 1 | 2 |
_aالرافعي، عبد الكريم بن محمد بن عبد الكريم، _d557-623 هجري |
| 700 | 1 | 2 |
_aالغزالي، محمد بن محمد بن محمد، _cحجة الإسلام، _d450-505 هجري |
| 700 | 1 | 2 |
_aابن حجر العسقلاني، أحمد بن علي بن محمد، _d773-852 هجري |
| 740 | 2 | 2 | _aالتلخيص الحبير في تخريج أحاديث الرافعي الكبير. |
| 740 | 2 | 2 | _aالمهذب في فقه الإمام الشافعي. |
| 740 | 2 | 2 | _aالشرح الكبير في شرح الوجيز، المسمى، فتح العزيز على كتاب الوجيز في الفقه الشافعي. |
| 740 | 0 | 2 | _aفتح العزيز على كتاب الوجيز في الفقه الشافعي. |
| 740 | 2 | 2 | _aالوجيز في فقه مذهب الإمام الشافعي. |
| 856 | 4 | _uhttp://10.0.0.80:1112/Abdullah/2203(9).pdf | |
| 856 | 4 | _uhttp://10.0.0.80:1112/Abdullah/2203(2).pdf | |
| 856 | 4 | _uhttp://10.0.0.80:1112/Abdullah/2203(11).pdf | |
| 856 | 4 | _uhttp://10.0.0.80:1112/Abdullah/2203(10).pdf | |
| 856 | 4 | _uhttp://10.0.0.80:1112/Ahmad/ahmad2203_2014-05-18_151639.pdf | |
| 856 | 4 | _uhttp://10.10.10.21/hipres/5229/book.Web/bookTestPage.html | |
| 856 | 4 | _uhttp://10.10.10.21/hipres/2203(9)/book.Web/bookTestPage.html | |
| 856 | 4 | _uhttp://10.10.10.21/hipres/2203(2)/book.Web/bookTestPage.html | |
| 856 | 4 | _uhttp://10.10.10.21/hipres/2203(11)/book.Web/bookTestPage.html | |
| 856 | 4 | _uhttp://10.10.10.21/hipres/2203(10)/book.Web/bookTestPage.html | |
| 856 | 4 | _uhttp://10.10.10.21/hipres/ahmad2203_2014-05-18_151639/book.Web/bookTestPage.html | |
| 856 | 4 | _uhttp://10.0.0.80:1112/Motasem/2203.pdf | |
| 856 | 4 | _uhttp://10.10.10.21/hipres/2203/book.Web/bookTestPage.html | |
| 856 | 4 | _uhttp://10.0.0.80:1112/Motasem/2203-.pdf | |
| 856 | 4 | _uhttp://10.10.10.21/hipres/2203-/book.Web/bookTestPage.html | |
| 942 |
_2ddc _cBOOK |
||
| 949 |
_aSA-JeALM _d240920 _ukhaled123 _n1 |
||
| 999 |
_c451 _d451 |
||